Commonly Misspelled Words - Statistics

General Stats
  • This quiz has been taken 41 times
  • The average score is 3 of 14
Answers on the Grid
Answers color-coded by a green-red scale on the quiz's grid according to % correct below.
absence
athiest
buoyant
concensus
dilema
freind
forty
momento
minuscule
necessary
omission
sieze
weird
withold
supercede
similar
sargeant
rythm
potatos
plagerize
personnel
niece
mispell
maintainance
library
liaison
jewelery
 
Answer Stats
Answer % Correct
absence
69%
buoyant
44%
forty
44%
necessary
19%
niece
19%
omission
19%
library
13%
similar
13%
supercede
13%
weird
13%
liaison
6%
minuscule
6%
mispell
6%
personnel
6%
No matching quizzes found
Score Distribution
Percent of People with Each Score
Percentile by Number Answered
Your Score History
You have not taken this quiz